000 00856caa a22002417a 4500
999 _c412615
_d412615
001 125368
003 UA-OsUOA
005 20200114101708.0
007 ta
008 20170914b un ||||| |||| 00| 0 ukr d
040 _aUA-OsUOA
_bukr
_cUA-OsUOA
_dUA-OsUOA
041 _aukr
080 _a908
090 _a908
_bВ65
100 _aВойтович Л.
245 _aКнязі Острозькі: спроба відтворення генеології династії
_cЛ. Войтович
300 _aС. 44–59
650 7 _a908 Краєзнавство
_2UDC
773 0 _0401068
_9417464
_dОстрог НаУОА 2008
_o149732
_tНаукові записки. Історичні науки
_w(UA-OsUOA) 114839
_z966-7631-62-1
942 _cBKA
_2udc
955 _a1